Exploring tropical cyclones : GIS investigations for the Earth sciences

محفوظ في:
التفاصيل البيبلوغرافية
التنسيق: كتاب
اللغة:Undetermined
منشور في: Pacific Grove, CA Brooks/Cole 2003
الموضوعات:
الوسوم: إضافة وسم
لا توجد وسوم, كن أول من يضع وسما على هذه التسجيلة!
Thư viện lưu trữ: Trung tâm Học liệu Trường Đại học Cần Thơ
LEADER 00590nam a2200193Ia 4500
001 CTU_211569
008 210402s9999 xx 000 0 und d
082 |a 551.55 
082 |b E96 
245 0 |a Exploring tropical cyclones : 
245 0 |b GIS investigations for the Earth sciences 
245 0 |c Michelle K. Hall-Wallace ... [et al.] 
260 |a Pacific Grove, CA 
260 |b Brooks/Cole 
260 |c 2003 
650 |a Geographical information system,Cyclones 
650 |z Tropics 
904 |i Minh (Nguyên sửa) 
980 |a Trung tâm Học liệu Trường Đại học Cần Thơ